000 01293nam0a2200373 4500
001 RU\NLR\bibl\433616
005 20260405163828.0
010 _a5-699-00660-5
_910000
021 _aRU
_b2003-32343
_91532
035 _a(NLR Aleph) 000427444
090 _a733434
_c733434
100 _a20030826d2002 |||y0rusy50 ca
101 0 _arus
102 _aRU
105 _aa |||||||||
200 1 _aКомпоты, кисели, морсы
_f[Сост. О.К. Савельева]
210 _aСПб.
_cТерция
_aМ.
_cЭКСМО
_d2002
215 _a61, [2] с.
_cил.
_d17
225 1 _aОчень просто!
606 0 _aКисели
_xРецептура
_91342666
_3RU\NLR\auth\66559884
606 0 _aКомпоты
_xРецептура
_92206897
_3RU\NLR\auth\661325884
606 0 _aМорсы
_xРецептура
_91447525
_3RU\NLR\auth\66613066
610 0 _aНапитки - Рецептура
675 _a641.85(083.12)
_v3
_zrus
686 _a36.997
_2rubbk
686 _aЛ991.5
702 1 _4220
_8rus
_7ca
_aСавельева
_bО. К.
_cпопуляризатор
_3RU\NLR\AUTH\7769912
_952840
801 0 _aRU
_bRKP
_c20030826
_gPSBO
801 1 _aRU
_bRKP
_c20030826
801 2 _aRU
_bNLR
_c20081024
_grcr
942 _cBOOK
980 _aNB